000 02609nam a2200433 i 4500
001 ebr10772926
003 CaPaEBR
006 m o d
007 cr cn|||||||||
008 130219t20132013orua ob 001 0 eng|d
020 _z9780870717161 (alk. paper)
020 _a9780870717178 (e-book)
040 _aCaPaEBR
_beng
_erda
_epn
_cCaPaEBR
035 _a(OCoLC)867741927
043 _an-us-or
_an-us-wa
050 1 4 _aF853
_b.D87 2013eb
082 0 4 _a979.7
_223
100 1 _aDurbin, Kathie.
245 1 0 _aBridging a great divide :
_bthe battle for the Columbia River Gorge /
_cKathie Durbin.
264 1 _aCorvallis :
_bOregon State University Press,
_c[2013]
264 4 _c�2013
300 _a1 online resource (326 pages) :
_billustrations
336 _atext
_2rdacontent
337 _acomputer
_2rdamedia
338 _aonline resource
_2rdacarrier
504 _aIncludes bibliographical references and index.
505 0 _aIntroduction: the gift in our back yard -- The vision -- Hardly wilderness -- Watchdogs -- Saving Steigerwald -- Balancing act -- The launch -- Writing the rules -- Early friction -- The too-tall house -- Fear and loathing -- Land rush -- Oregon pushback -- A pile of rocks -- Time to amend -- Great debates -- Showdown at Lyle Point -- A destination resort -- Rails to trails -- The haze curtain -- Logging loopholes -- The casino deal -- Whistling Ridge -- Restoring a legacy -- Rebuilding a historic highway -- The recreation challenge -- Cape Horn convergence -- A river unleashed -- A quarter-century -- The fight continues.
588 _aDescription based on print version record.
590 _aElectronic reproduction. Palo Alto, Calif. : ebrary, 2013. Available via World Wide Web. Access may be limited to ebrary affiliated libraries.
650 0 _aNature conservation
_zColumbia River Gorge (Or. and Wash.)
650 0 _aCultural property
_xProtection
_zColumbia River Gorge (Or. and Wash.)
651 0 _aColumbia River Gorge National Scenic Area (Or. and Wash.)
_xHistory.
651 0 _aColumbia River Gorge (Or. and Wash.)
_xEnvironmental conditions.
651 0 _aColumbia River Gorge (Or. and Wash.)
_xPolitics and government.
655 0 _aElectronic books.
776 0 8 _iPrint version:
_aDurbin, Kathie.
_tBridging a great divide : the battle for the Columbia River Gorge.
_dCorvallis : Oregon State University Press, [2013]
_hxiii, 312 pages
_z9780870717161
_w(DLC) 2013006155
797 2 _aebrary.
856 4 0 _uhttp://site.ebrary.com/lib/rucke/Doc?id=10772926
_zAn electronic book accessible through the World Wide Web; click to view
999 _c128926
_d128926